[Event "DEM U10w 2021"]
[Site "Willingen GER"]
[Date "2021.08.24"]
[Round "4"]
[White "Ruddat, Maila"]
[Black "Marrufo, Leandra"]
[Result "1/2-1/2"]
[Termination "normal"]
[Board "18"]
[WhiteElo "729"]
[BlackElo "755"]
[WhiteClock "00:01:23"]
[BlackClock "00:27:13"]
[PlyCount "99"]
[WhiteFideId "34628100"]
[BlackFideId "34630260"]
[EventCountry "GER"]
[EventRounds "11"]
[EventType "swiss"]
[EventDate "2021.08.22"]

1. e4 {[%clk 01:15:55]} {[%emt 00:00:07]} e5 {[%clk 01:16:17]} {[%emt
00:00:12]} 2. Nf3 {[%clk 01:15:50]} {[%emt 00:00:35]} Nc6 {[%clk 01:16:32]}
{[%emt 00:00:14]} 3. Bc4 {[%clk 01:15:53]} {[%emt 00:00:28]} Bc5 {[%clk
01:16:09]} {[%emt 00:00:53]} 4. Nc3 {[%clk 01:15:45]} {[%emt 00:00:39]} Nf6
{[%clk 01:15:51]} {[%emt 00:00:46]} 5. d3 {[%clk 01:15:27]} {[%emt 00:00:49]}
h6 {[%clk 01:15:33]} {[%emt 00:00:24]} 6. Be3 {[%clk 01:14:55]} {[%emt
00:01:26]} Bxe3 {[%clk 01:15:20]} {[%emt 00:00:42]} 7. fxe3 {[%clk 01:15:00]}
{[%emt 00:00:24]} d6 {[%clk 01:15:30]} {[%emt 00:00:21]} 8. d4 {[%clk
01:14:04]} {[%emt 00:01:26]} Bg4 {[%clk 01:11:19]} {[%emt 00:04:41]} 9. h3
{[%clk 01:10:46]} {[%emt 00:03:47]} Bxf3 {[%clk 01:11:28]} {[%emt 00:00:22]}
10. Qxf3 {[%clk 01:10:50]} {[%emt 00:00:24]} O-O {[%clk 01:09:30]} {[%emt
00:02:31]} 11. O-O-O {[%clk 01:10:51]} {[%emt 00:00:28]} a6 {[%clk 01:05:35]}
{[%emt 00:04:25]} 12. g4 {[%clk 01:09:54]} {[%emt 00:01:27]} Ne7 {[%clk
00:59:36]} {[%emt 00:06:29]} 13. h4 {[%clk 01:07:47]} {[%emt 00:02:36]} c5
{[%clk 00:59:36]} {[%emt 00:00:30]} 14. Bd5 {[%emt 00:09:27]} Rb8 {[%clk
00:52:20]} {[%emt 00:00:17]} 15. g5 {[%clk 01:04:17]} {[%emt 00:02:34]} Nd7
{[%clk 00:51:04]} {[%emt 00:01:45]} 16. Rh3 {[%clk 01:03:36]} {[%emt 00:01:11]}
Nb6 {[%clk 00:50:01]} {[%emt 00:01:29]} 17. Rdh1 {[%clk 00:00:00]} {[%emt
00:09:37]} exd4 {[%clk 00:39:50]} {[%emt 00:12:29]} 18. exd4 {[%clk 00:59:40]}
{[%emt 00:04:23]} cxd4 {[%clk 00:40:05]} {[%emt 00:00:16]} 19. Ne2 {[%clk
00:59:45]} {[%emt 00:00:26]} Rc8 {[%clk 00:38:43]} {[%emt 00:01:52]} 20. gxh6
{[%emt 00:05:23]} Qc7 21. c3 {[%clk 00:55:07]} {[%emt 00:00:53]} Nd7 {[%clk
00:35:03]} {[%emt 00:04:02]} 22. hxg7 {[%clk 00:54:24]} {[%emt 00:01:11]} Rfe8
{[%emt 00:03:14]} 23. Bxf7+ {[%clk 00:53:23]} {[%emt 00:00:04]} Kh7 {[%clk
00:33:37]} {[%emt 00:00:40]} 24. Bxe8 {[%clk 00:51:33]} {[%emt 00:00:40]} Rxe8
{[%clk 00:33:32]} {[%emt 00:02:15]} 25. Qg2 {[%clk 00:50:49]} {[%emt 00:01:14]}
Kg8 {[%clk 00:33:05]} {[%emt 00:00:55]} 26. h5 {[%clk 00:48:01]} {[%emt
00:00:38]} b5 {[%clk 00:32:49]} {[%emt 00:03:28]} 27. h6 {[%clk 00:47:39]}
{[%emt 00:00:52]} b4 {[%clk 00:33:00]} {[%emt 00:00:19]} 28. Qg3 {[%clk
00:47:32]} {[%emt 00:00:37]} dxc3 {[%clk 00:32:57]} {[%emt 00:00:34]} 29. bxc3
{[%clk 00:46:09]} {[%emt 00:01:51]} bxc3 {[%clk 00:33:09]} {[%emt 00:00:20]}
30. Nxc3 {[%emt 00:00:46]} Kf7 {[%emt 00:01:03]} 31. h7 {[%clk 00:42:22]}
{[%emt 00:02:16]} Rc8 {[%clk 00:32:05]} {[%emt 00:01:44]} 32. h8=Q {[%clk
00:38:59]} {[%emt 00:01:33]} Nf6 {[%emt 00:11:28]} 33. Qh6 {[%clk 00:31:54]}
{[%emt 00:00:06]} a5 {[%clk 00:29:48]} {[%emt 00:01:40]} 34. Qhg6+ {[%clk
00:27:01]} {[%emt 00:05:22]} Ke6 {[%clk 00:29:28]} {[%emt 00:00:49]} 35. Q6g5
{[%clk 00:24:00]} {[%emt 00:03:31]} a4 {[%clk 00:29:06]} {[%emt 00:00:54]} 36.
Rh8 {[%emt 00:05:11]} a3 {[%emt 00:02:05]} 37. Rxc8 {[%emt 00:00:41]} Nxc8
{[%emt 00:00:09]} 38. g8=B+ {[%emt 00:01:53]} Nxg8 {[%emt 00:00:24]} 39. Qxg8+
{[%clk 00:08:31]} {[%emt 00:01:13]} Kd7 {[%emt 00:10:16]} 40. Q3g7+ {[%clk
00:05:36]} {[%emt 00:00:02]} Kc6 {[%clk 00:29:23]} {[%emt 00:04:34]} 41. Qxc7+
{[%emt 00:00:59]} Kxc7 {[%clk 00:29:39]} {[%emt 00:00:03]} 42. Qg7+ {[%clk
00:04:45]} {[%emt 00:01:28]} Kc6 {[%clk 00:28:29]} {[%emt 00:01:42]} 43. Rh5
{[%clk 00:03:55]} {[%emt 00:01:19]} Nb6 {[%clk 00:27:43]} {[%emt 00:01:16]} 44.
e5 {[%clk 00:03:27]} {[%emt 00:00:59]} dxe5 {[%clk 00:27:29]} {[%emt 00:00:43]}
45. Rxe5 {[%clk 00:02:47]} {[%emt 00:01:11]} Nc4 {[%clk 00:27:33]} {[%emt
00:00:26]} 46. Qf6+ {[%clk 00:02:15]} {[%emt 00:01:00]} Nd6 {[%clk 00:27:26]}
{[%emt 00:00:39]} 47. Re6 {[%clk 00:01:48]} {[%emt 00:00:58]} Kc5 {[%clk
00:27:25]} 48. Rxd6 {[%clk 00:01:23]} {[%emt 00:01:22]} Kc4 {[%clk 00:27:13]}
49. Qf3 {[%clk 00:01:23]} Kc5 {[%clk 00:27:13]} 50. Qf4 {[%clk 00:01:23]}
1/2-1/2

[Event "DEM U10w 2021"]
[Site "Willingen GER"]
[Date "2021.08.24"]
[Round "4"]
[White "Marrufo, Adriana"]
[Black "Funke, Luise"]
[Result "0-1"]
[Termination "normal"]
[Board "19"]
[WhiteElo "850"]
[BlackElo "737"]
[WhiteClock "00:30:22"]
[BlackClock "00:47:23"]
[PlyCount "94"]
[WhiteFideId "34630252"]
[BlackFideId "34623752"]
[EventCountry "GER"]
[EventRounds "11"]
[EventType "swiss"]
[EventDate "2021.08.22"]

1. e4 {[%emt 00:00:06]} e5 {[%emt 00:00:06]} 2. Nf3 {[%clk 01:15:30]} {[%emt
00:00:17]} Nc6 {[%clk 01:15:54]} {[%emt 00:00:06]} 3. Bc4 {[%clk 01:15:22]}
{[%emt 00:00:36]} Bc5 {[%clk 01:16:17]} {[%emt 00:00:09]} 4. d3 {[%clk
01:15:19]} {[%emt 00:00:32]} Nf6 {[%clk 01:16:16]} {[%emt 00:00:32]} 5. Nc3
{[%clk 01:15:29]} d6 {[%clk 01:16:31]} {[%emt 00:00:35]} 6. Bg5 {[%clk
01:15:34]} h6 {[%clk 01:16:52]} {[%emt 00:00:35]} 7. Bh4 {[%clk 01:15:20]} g5
{[%clk 01:16:59]} {[%emt 00:01:05]} 8. Bg3 {[%clk 01:15:11]} {[%emt 00:00:41]}
Bg4 {[%clk 01:17:01]} {[%emt 00:00:27]} 9. h3 {[%clk 01:14:11]} {[%emt
00:01:29]} Bh5 {[%clk 01:17:21]} {[%emt 00:00:10]} 10. O-O {[%clk 01:10:39]}
{[%emt 00:04:02]} Qd7 {[%clk 01:17:21]} {[%emt 00:00:30]} 11. Nd5 {[%clk
01:07:34]} {[%emt 00:03:36]} Nxd5 {[%clk 01:16:45]} {[%emt 00:01:06]} 12. exd5
{[%emt 00:00:18]} Na5 {[%emt 00:01:03]} 13. Bb3 {[%clk 01:05:50]} {[%emt
00:00:53]} O-O-O {[%clk 01:16:31]} {[%emt 00:00:45]} 14. c3 {[%clk 01:03:50]}
{[%emt 00:02:28]} Nxb3 {[%clk 01:15:54]} {[%emt 00:01:08]} 15. axb3 {[%clk
01:03:45]} {[%emt 00:00:33]} a6 {[%clk 01:16:02]} {[%emt 00:00:22]} 16. b4
{[%clk 01:03:31]} {[%emt 00:00:46]} Bb6 {[%clk 01:15:35]} {[%emt 00:00:56]} 17.
c4 {[%clk 01:01:39]} {[%emt 00:02:23]} Bd4 {[%clk 01:15:02]} {[%emt 00:01:03]}
18. Rc1 {[%clk 01:00:39]} {[%emt 00:01:30]} Bxb2 {[%clk 01:14:28]} {[%emt
00:01:03]} 19. Rc2 {[%clk 01:00:02]} {[%emt 00:01:06]} Ba3 {[%clk 01:14:00]}
{[%emt 00:00:59]} 20. Re1 {[%clk 00:59:12]} {[%emt 00:01:18]} Bxb4 {[%clk
01:11:50]} {[%emt 00:02:42]} 21. Re3 {[%clk 00:59:15]} {[%emt 00:00:26]} f5
{[%clk 01:09:50]} {[%emt 00:02:31]} 22. Bh2 {[%clk 00:58:22]} {[%emt 00:01:22]}
f4 {[%clk 01:09:53]} {[%emt 00:00:28]} 23. Re4 {[%clk 00:57:17]} {[%emt
00:01:34]} g4 {[%clk 01:07:36]} {[%emt 00:02:47]} 24. hxg4 {[%clk 00:54:34]}
{[%emt 00:03:12]} Bxg4 {[%clk 01:07:46]} {[%emt 00:00:21]} 25. d4 {[%clk
00:53:52]} {[%emt 00:01:12]} Rde8 {[%clk 01:03:39]} {[%emt 00:04:38]} 26. dxe5
{[%clk 00:52:54]} {[%emt 00:01:26]} dxe5 {[%clk 01:03:44]} {[%emt 00:00:25]}
27. Rb2 {[%clk 00:51:14]} {[%emt 00:02:13]} Bc3 {[%clk 01:02:49]} {[%emt
00:01:24]} 28. Rb3 {[%clk 00:50:20]} {[%emt 00:01:23]} Ba5 {[%clk 01:02:25]}
{[%emt 00:00:54]} 29. Qa1 {[%clk 00:49:38]} {[%emt 00:01:12]} b6 {[%clk
01:00:40]} {[%emt 00:02:16]} 30. c5 {[%clk 00:49:02]} {[%emt 00:01:06]} Bxf3
{[%clk 01:00:35]} {[%emt 00:00:35]} 31. Rxf3 {[%clk 00:47:57]} {[%emt
00:01:33]} Qxd5 {[%clk 00:59:40]} {[%emt 00:01:26]} 32. Ree3 {[%clk 00:44:15]}
{[%emt 00:04:12]} Qxc5 {[%clk 00:59:31]} {[%emt 00:00:39]} 33. Rb3 {[%clk
00:41:35]} {[%emt 00:03:11]} Qd5 {[%clk 00:58:33]} {[%emt 00:01:27]} 34. Rfd3
{[%clk 00:41:09]} {[%emt 00:00:55]} Qb7 {[%clk 00:57:07]} {[%emt 00:01:58]} 35.
Rb2 {[%clk 00:37:51]} {[%emt 00:03:47]} e4 {[%clk 00:55:34]} {[%emt 00:02:03]}
36. Ra3 {[%clk 00:36:58]} {[%emt 00:01:22]} f3 {[%clk 00:53:36]} {[%emt
00:02:27]} 37. Rc2 {[%clk 00:35:18]} {[%emt 00:02:10]} Rhg8 {[%clk 00:51:45]}
{[%emt 00:02:23]} 38. Rxc7+ {[%clk 00:35:16]} {[%emt 00:00:32]} Qxc7 {[%clk
00:51:13]} {[%emt 00:01:01]} 39. Bxc7 {[%clk 00:35:29]} {[%emt 00:00:18]} Kxc7
{[%clk 00:51:26]} {[%emt 00:00:17]} 40. g3 {[%clk 00:35:21]} {[%emt 00:00:37]}
h5 {[%clk 00:50:48]} {[%emt 00:01:08]} 41. Qc1+ {[%clk 00:35:15]} {[%emt
00:00:36]} Kb8 {[%clk 00:50:05]} {[%emt 00:01:14]} 42. Qf4+ {[%clk 00:34:30]}
{[%emt 00:01:14]} Kc8 {[%clk 00:49:44]} {[%emt 00:00:52]} 43. Qf7 {[%clk
00:33:20]} {[%emt 00:01:38]} h4 {[%clk 00:49:23]} {[%emt 00:00:53]} 44. g4
{[%clk 00:31:21]} {[%emt 00:02:28]} b5 {[%clk 00:48:17]} {[%emt 00:01:37]} 45.
Rxa5 {[%clk 00:30:50]} {[%emt 00:01:02]} Rd8 {[%clk 00:47:51]} {[%emt
00:00:54]} 46. Rxa6 {[%clk 00:30:44]} {[%emt 00:00:34]} Rxg4+ {[%clk 00:47:32]}
{[%emt 00:00:52]} 47. Kf1 {[%clk 00:30:22]} {[%emt 00:00:51]} Rd1# {[%clk
00:47:23]} {[%emt 00:00:39]} 0-1

[Event "DEM U10w 2021"]
[Site "Willingen GER"]
[Date "2021.08.25"]
[Round "5"]
[White "Wagner, Cosima"]
[Black "Meier, Viktoria"]
[Result "1/2-1/2"]
[Termination "normal"]
[Board "1"]
[WhiteElo "1110"]
[BlackElo "1280"]
[WhiteClock "00:26:21"]
[BlackClock "01:05:50"]
[PlyCount "94"]
[WhiteFideId "34603484"]
[BlackFideId "34678298"]
[EventCountry "GER"]
[EventRounds "11"]
[EventType "swiss"]
[EventDate "2021.08.22"]

1. e4 {[%clk 01:15:58]} {[%emt 00:00:02]} d6 {[%clk 01:15:56]} {[%emt
00:00:04]} 2. d4 {[%clk 01:16:21]} {[%emt 00:00:07]} Nf6 {[%clk 01:16:22]}
{[%emt 00:00:04]} 3. Nc3 {[%clk 01:16:45]} {[%emt 00:00:07]} e5 {[%clk
01:16:46]} {[%emt 00:00:05]} 4. Nf3 {[%clk 01:16:56]} {[%emt 00:00:19]} Nbd7
{[%clk 01:17:08]} {[%emt 00:00:08]} 5. Bc4 {[%clk 01:17:10]} {[%emt 00:00:16]}
Be7 {[%clk 01:17:31]} {[%emt 00:00:06]} 6. O-O {[%clk 01:17:25]} {[%emt
00:00:16]} O-O {[%clk 01:17:54]} {[%emt 00:00:07]} 7. Be3 {[%clk 01:16:43]}
{[%emt 00:01:12]} c6 {[%clk 01:18:15]} {[%emt 00:00:09]} 8. Nd2 {[%clk
01:16:04]} {[%emt 00:01:09]} b5 {[%clk 01:18:11]} {[%emt 00:00:34]} 9. Bd3
{[%clk 01:14:21]} {[%emt 00:02:12]} Bb7 {[%clk 01:17:54]} {[%emt 00:00:48]} 10.
f4 {[%clk 01:14:25]} {[%emt 00:00:26]} Qc7 {[%clk 01:16:36]} {[%emt 00:01:47]}
11. a4 {[%clk 01:06:56]} {[%emt 00:08:00]} a6 {[%clk 01:15:54]} {[%emt
00:01:11]} 12. Ne2 {[%clk 01:03:43]} {[%emt 00:03:43]} Ng4 {[%clk 01:15:04]}
{[%emt 00:01:20]} 13. Bf2 {[%clk 01:02:24]} {[%emt 00:01:50]} Nxf2 {[%clk
01:14:56]} {[%emt 00:00:38]} 14. Rxf2 {[%clk 01:02:42]} {[%emt 00:00:11]} Bf6
{[%clk 01:14:53]} {[%emt 00:00:34]} 15. Nf3 {[%clk 01:00:49]} {[%emt 00:02:23]}
Qb6 {[%clk 01:13:52]} {[%emt 00:01:30]} 16. c3 {[%clk 00:59:04]} {[%emt
00:02:16]} c5 {[%clk 01:13:19]} {[%emt 00:01:03]} 17. d5 {[%clk 00:56:16]}
{[%emt 00:03:17]} c4 {[%clk 01:13:10]} {[%emt 00:00:39]} 18. Bc2 {[%clk
00:55:44]} {[%emt 00:01:03]} Nc5 {[%clk 01:12:08]} {[%emt 00:01:31]} 19. fxe5
{[%clk 00:49:13]} {[%emt 00:07:02]} dxe5 {[%clk 01:11:35]} {[%emt 00:01:03]}
20. Ng3 {[%clk 00:48:11]} {[%emt 00:01:32]} bxa4 {[%clk 01:11:29]} {[%emt
00:00:36]} 21. Qf1 {[%clk 00:45:44]} {[%emt 00:02:57]} h6 {[%clk 01:10:39]}
{[%emt 00:01:20]} 22. Qxc4 {[%clk 00:43:38]} {[%emt 00:02:35]} Qb5 {[%clk
01:09:31]} {[%emt 00:01:39]} 23. Qb4 {[%clk 00:39:42]} {[%emt 00:04:26]} Be7
{[%clk 01:09:14]} {[%emt 00:00:47]} 24. Qxb5 {[%clk 00:39:53]} {[%emt
00:00:18]} axb5 {[%clk 01:09:36]} {[%emt 00:00:09]} 25. Nxe5 {[%clk 00:40:08]}
{[%emt 00:00:15]} Nb3 {[%clk 01:09:05]} {[%emt 00:01:01]} 26. Bxb3 {[%clk
00:39:51]} {[%emt 00:00:47]} axb3 {[%clk 01:09:25]} {[%emt 00:00:10]} 27. Rxa8
{[%clk 00:40:15]} {[%emt 00:00:06]} Rxa8 {[%clk 01:09:47]} {[%emt 00:00:07]}
28. Rxf7 {[%clk 00:36:12]} {[%emt 00:04:34]} Bc5+ {[%clk 01:08:10]} {[%emt
00:02:07]} 29. Kf1 {[%clk 00:36:05]} {[%emt 00:00:36]} Ba6 {[%clk 01:06:39]}
{[%emt 00:02:02]} 30. Rf3 {[%clk 00:30:58]} {[%emt 00:05:37]} b4+ {[%clk
01:06:36]} {[%emt 00:00:33]} 31. Ne2 {[%clk 00:28:12]} {[%emt 00:03:16]} bxc3
{[%clk 01:06:28]} {[%emt 00:00:38]} 32. Rxc3 {[%clk 00:27:11]} {[%emt
00:01:31]} Bd4 {[%clk 01:05:34]} {[%emt 00:01:24]} 33. Rxb3 {[%clk 00:26:28]}
{[%emt 00:01:12]} Bxe5 {[%clk 01:04:42]} {[%emt 00:01:22]} 34. h3 {[%clk
00:25:47]} {[%emt 00:01:11]} Bc4 {[%clk 01:04:13]} {[%emt 00:01:00]} 35. Rb4
{[%clk 00:25:28]} {[%emt 00:00:49]} Rc8 {[%clk 01:03:53]} {[%emt 00:00:48]} 36.
Ke1 {[%clk 00:25:17]} {[%emt 00:00:42]} Bxe2 {[%clk 01:04:05]} {[%emt
00:00:18]} 37. Kxe2 {[%clk 00:25:36]} {[%emt 00:00:12]} Rc2+ {[%clk 01:04:29]}
{[%emt 00:00:05]} 38. Kf3 {[%clk 00:24:56]} {[%emt 00:01:10]} Rxb2 {[%clk
01:04:12]} {[%emt 00:00:48]} 39. Rxb2 {[%clk 00:25:19]} {[%emt 00:00:07]} Bxb2
{[%clk 01:04:33]} {[%emt 00:00:09]} 40. Kf4 {[%clk 00:25:38]} {[%emt 00:00:11]}
g6 {[%clk 01:04:49]} {[%emt 00:00:14]} 41. g4 {[%clk 00:25:14]} {[%emt
00:00:54]} Kf7 {[%clk 01:04:40]} {[%emt 00:00:39]} 42. e5 {[%clk 00:25:19]}
{[%emt 00:00:24]} Ke7 {[%clk 01:04:44]} {[%emt 00:00:27]} 43. h4 {[%clk
00:25:36]} {[%emt 00:00:13]} Kf7 {[%clk 01:04:48]} {[%emt 00:00:26]} 44. Ke4
{[%clk 00:25:29]} {[%emt 00:00:37]} Ke7 {[%clk 01:05:06]} {[%emt 00:00:12]} 45.
Kf4 {[%clk 00:25:42]} {[%emt 00:00:17]} Kf7 {[%clk 01:05:29]} {[%emt 00:00:07]}
46. Ke4 {[%clk 00:26:03]} {[%emt 00:00:09]} Ke7 {[%clk 01:05:55]} {[%emt
00:00:04]} 47. Kf4 {[%clk 00:26:21]} {[%emt 00:00:12]} Kf7 {[%clk 01:05:50]}
{[%emt 00:00:04]} 1/2-1/2

[Event "DEM U10w 2021"]
[Site "Willingen GER"]
[Date "2021.08.25"]
[Round "5"]
[White "Bakó, Isabella"]
[Black "Czäczine, Paula"]
[Result "0-1"]
[Termination "normal"]
[Board "2"]
[WhiteElo "1173"]
[BlackElo "1127"]
[WhiteClock "00:15:45"]
[BlackClock "00:21:09"]
[PlyCount "98"]
[WhiteFideId "16287266"]
[BlackFideId "16249305"]
[EventCountry "GER"]
[EventRounds "11"]
[EventType "swiss"]
[EventDate "2021.08.22"]

1. e4 {[%clk 01:15:56]} {[%emt 00:00:03]} e5 {[%clk 01:15:48]} {[%emt
00:00:13]} 2. Nf3 {[%clk 01:16:09]} {[%emt 00:00:17]} Nc6 {[%clk 01:16:04]}
{[%emt 00:00:13]} 3. Bb5 {[%clk 01:13:03]} {[%emt 00:03:37]} a6 {[%clk
01:16:18]} {[%emt 00:00:16]} 4. Ba4 {[%clk 01:13:28]} {[%emt 00:00:05]} Nf6
{[%clk 01:16:31]} {[%emt 00:00:16]} 5. O-O {[%clk 01:13:42]} {[%emt 00:00:16]}
Be7 {[%clk 01:15:00]} {[%emt 00:02:02]} 6. Re1 {[%clk 01:14:02]} {[%emt
00:00:09]} b5 {[%clk 01:09:14]} {[%emt 00:06:17]} 7. Bb3 {[%clk 01:14:25]}
{[%emt 00:00:06]} O-O {[%clk 01:08:56]} {[%emt 00:00:49]} 8. a4 {[%clk
01:14:02]} {[%emt 00:00:52]} Bb7 {[%clk 01:06:37]} {[%emt 00:02:50]} 9. Nc3
{[%clk 01:11:13]} {[%emt 00:03:18]} b4 {[%clk 00:55:03]} {[%emt 00:12:05]} 10.
Nd5 {[%clk 01:10:02]} {[%emt 00:01:39]} Nd4 {[%clk 00:51:52]} {[%emt 00:03:43]}
11. Nxd4 {[%clk 01:01:16]} {[%emt 00:09:14]} exd4 {[%clk 00:52:03]} {[%emt
00:00:19]} 12. c3 {[%clk 00:58:13]} {[%emt 00:03:35]} dxc3 {[%clk 00:45:49]}
{[%emt 00:06:43]} 13. bxc3 {[%clk 00:57:19]} {[%emt 00:01:24]} a5 {[%clk
00:45:19]} {[%emt 00:01:02]} 14. d4 {[%clk 00:53:31]} {[%emt 00:04:16]} Nxd5
{[%clk 00:43:41]} {[%emt 00:02:08]} 15. exd5 {[%clk 00:52:08]} {[%emt
00:01:52]} bxc3 {[%clk 00:43:49]} {[%emt 00:00:23]} 16. Qc2 {[%clk 00:51:25]}
{[%emt 00:01:10]} Bb4 {[%clk 00:43:44]} {[%emt 00:00:38]} 17. Ba3 {[%clk
00:50:53]} {[%emt 00:01:03]} Qg5 {[%clk 00:40:12]} {[%emt 00:04:02]} 18. Re5
{[%clk 00:46:52]} {[%emt 00:04:27]} Qf4 {[%clk 00:36:11]} {[%emt 00:04:34]} 19.
Re4 {[%clk 00:45:48]} {[%emt 00:01:34]} Qd6 {[%clk 00:35:13]} {[%emt 00:01:29]}
20. Bxb4 {[%clk 00:42:10]} {[%emt 00:04:07]} axb4 {[%clk 00:35:33]} {[%emt
00:00:11]} 21. Rh4 {[%clk 00:39:26]} {[%emt 00:03:07]} h6 {[%clk 00:34:33]}
{[%emt 00:01:37]} 22. Qf5 {[%clk 00:35:51]} {[%emt 00:04:00]} g6 {[%clk
00:30:24]} {[%emt 00:04:44]} 23. Qf3 {[%clk 00:33:02]} {[%emt 00:03:17]} Kg7
{[%clk 00:28:59]} {[%emt 00:01:56]} 24. Qe3 {[%clk 00:32:14]} {[%emt 00:01:13]}
h5 {[%clk 00:29:02]} {[%emt 00:00:32]} 25. Qf3 {[%clk 00:30:02]} {[%emt
00:02:38]} Rae8 {[%clk 00:26:49]} {[%emt 00:02:47]} 26. h3 {[%clk 00:25:05]}
{[%emt 00:05:28]} Qe7 {[%clk 00:22:57]} {[%emt 00:04:22]} 27. Qg3 {[%clk
00:24:37]} {[%emt 00:00:57]} Qe2 {[%clk 00:21:22]} {[%emt 00:02:05]} 28. Ra2
{[%clk 00:21:01]} {[%emt 00:04:04]} Qe1+ {[%clk 00:21:26]} {[%emt 00:00:29]}
29. Kh2 {[%clk 00:20:30]} {[%emt 00:01:01]} Qb1 {[%clk 00:21:42]} {[%emt
00:00:14]} 30. f4 {[%clk 00:15:26]} {[%emt 00:05:33]} Qxb3 {[%clk 00:19:58]}
{[%emt 00:02:15]} 31. Qf2 {[%clk 00:15:37]} {[%emt 00:00:17]} Bxd5 {[%clk
00:19:55]} {[%emt 00:00:34]} 32. Rc2 {[%clk 00:15:51]} {[%emt 00:00:16]} Be4
{[%clk 00:19:54]} {[%emt 00:00:31]} 33. Rc1 {[%clk 00:15:55]} {[%emt 00:00:26]}
c2 {[%clk 00:19:54]} {[%emt 00:00:30]} 34. f5 {[%clk 00:15:52]} {[%emt
00:00:34]} Bxf5 {[%clk 00:19:33]} {[%emt 00:00:50]} 35. g4 {[%clk 00:15:37]}
{[%emt 00:00:45]} Bd3 {[%clk 00:19:32]} {[%emt 00:00:32]} 36. Qf3 {[%clk
00:15:10]} {[%emt 00:00:57]} Re2+ {[%clk 00:19:11]} {[%emt 00:00:50]} 37. Kg3
{[%clk 00:15:24]} {[%emt 00:00:15]} Bc4 {[%clk 00:19:21]} {[%emt 00:00:20]} 38.
Qxb3 {[%clk 00:15:09]} {[%emt 00:00:46]} Bxb3 {[%clk 00:19:44]} {[%emt
00:00:07]} 39. gxh5 {[%clk 00:15:03]} {[%emt 00:00:35]} Rfe8 {[%clk 00:19:47]}
{[%emt 00:00:29]} 40. h6+ {[%clk 00:15:04]} {[%emt 00:00:29]} Kh7 {[%clk
00:20:08]} {[%emt 00:00:08]} 41. Rf4 {[%clk 00:14:49]} {[%emt 00:00:45]} Re1
{[%clk 00:19:56]} {[%emt 00:00:43]} 42. Rf1 {[%clk 00:14:27]} {[%emt 00:00:51]}
Rxf1 {[%clk 00:19:50]} {[%emt 00:00:36]} 43. Rxf1 {[%clk 00:14:49]} {[%emt
00:00:08]} Re3+ {[%clk 00:20:01]} {[%emt 00:00:19]} 44. Kg4 {[%clk 00:15:07]}
{[%emt 00:00:11]} Rd3 {[%clk 00:20:16]} {[%emt 00:00:17]} 45. Ra1 {[%clk
00:14:57]} {[%emt 00:00:40]} Rd1 {[%clk 00:20:31]} {[%emt 00:00:15]} 46. Rxd1
{[%clk 00:14:54]} {[%emt 00:00:33]} cxd1=Q+ {[%clk 00:20:49]} {[%emt 00:00:11]}
47. Kg5 {[%clk 00:15:14]} {[%emt 00:00:11]} Qf3 {[%clk 00:20:57]} {[%emt
00:00:21]} 48. d5 {[%clk 00:15:21]} {[%emt 00:00:23]} f6+ {[%clk 00:21:16]}
{[%emt 00:00:11]} 49. Kh4 {[%clk 00:15:45]} {[%emt 00:00:06]} g5# {[%clk
00:21:09]} {[%emt 00:00:06]} 0-1